EĞİTİMDE DEĞİŞİM YÖNETİMİ (Record no. 779362)

MARC details
000 -LEADER
sabit uzunluktaki kontrol alanı 00261nam a2200097Ia 4500
001 - KONTROL NUMARASI
kontrol alanı 779362
005 - EN SON İŞLEMİN TARİH VE ZAMANI
kontrol alanı 20250826165943.0
008 - SABİT-UZUNLUKTA VERİ ÖĞELERİ--GENEL BİLGİ
sabit uzunluktaki kontrol alanı 250824s9999 xx 000 0 und d
245 #0 - ESER / YAZAR
ESER ADI EĞİTİMDE DEĞİŞİM YÖNETİMİ
Yazar Adı İRFAN ERDOĞAN
260 ## - YAYIN, DAĞITIM, VB.
YAYIN EVİ PEGEM A YAYINLARI
Holdings
Düşüm durumu Kayıp durumu Hasar Durumu Ödünç verilmez Ana kütüphane Geçerli Kütüphane Edinilen tarih Toplam ödünç verme sayısı Barkod Son görüntüleme tarihi Fiyatın geçerli olmaya başladığı tarih Koha materyal türü
        ATATÜRK MESLEKİ VE TEKNİK ANADOLU LİSESİ ATATÜRK MESLEKİ VE TEKNİK ANADOLU LİSESİ 24.08.2025   10492358 26.08.2025 26.08.2025 Books